000 01009nam a2200265 a 4500
001 000011381
003 DO-SdBNP
005 20240412074226.0
008 091016s1953 dr 000 0 spa d
040 _aDO-SdBNP
_bspa
_cBNPHU
082 4 _aRD862.2
_bA594i
_222
100 1 _aAngulo Guridi, Javier F.,
_d1816-1884
_q(Francisco Javier)
_926995
245 1 0 _aIguaniona :
_bdrama histórico en verso y en tres actos, 1867 /
_cJavier A. Guridi.
250 _a2a. ed.
260 _aCiudad Trujillo, República Dominicana :
_bMontalvo,
_c1953.
300 _a112 p. ;
_c22 cm.
490 0 _aColección Conmemorativa del Primer Centenario de la Logia Cuna de América
_v 1
500 _aIncluye notas al pie de las páginas
590 _aInventariado, 2023/MFF
650 0 _aTeatro dominicano
_9637
650 0 _aLiteratura dominicana.
_967
830 _aColección Conmemorativa del Primer Centenario de la Logia Cuna de América
_n1
_983140
910 _aValidado. Control de calidad MFF
942 _2ddc
_cLBS1
999 _c11088
_d11088